| 000 | 01337cam a2200373 i 4500 | ||
|---|---|---|---|
| 001 | 200468089 | ||
| 003 | TR-AnTOB | ||
| 005 | 20260413165324.0 | ||
| 007 | ta | ||
| 008 | 260413r19701969nyu 000 1 eng | ||
| 010 | _a 99051707 | ||
| 035 | _a11802916 | ||
| 035 | _a(TR-AnTOB)200468089 | ||
| 040 |
_aDLC _beng _erda _cDLC _dDLC _dTR-AnTOB |
||
| 041 | 0 | _aeng | |
| 050 | 0 | 4 |
_aPS3553.O633 _bP7 1970 |
| 090 |
_aPS3553.O633 _bP7 1970 |
||
| 100 | 1 |
_aCoover, Robert _eauthor _4aut _9153582 |
|
| 245 | 1 | 0 |
_aPricksongs & descants : _bfictions / _cby Robert Coover. |
| 246 | 1 | 3 | _aPricksongs and descants |
| 264 | 1 |
_aNew York : _bNew American Library, _c1970. |
|
| 300 |
_a256 pages ; _c21 cm |
||
| 336 |
_atext _btxt _2rdacontent |
||
| 337 |
_aunmediated _bn _2rdamedia |
||
| 338 |
_avolume _bnc _2rdacarrier |
||
| 500 | _a"A Plume Book" | ||
| 505 | 0 | _aThe door -- The magic poker -- Morris in chains -- The gingerbread house -- Seven exemplary fictions -- The elevator -- Romance of the thin man and the fat lady -- Quenby and Ola, Swede and Carl -- The sentient lens -- A pedestrian accident -- The babysitter -- The hat act. | |
| 650 | 0 |
_aManners and customs _vFiction _95484 |
|
| 655 | 7 |
_aFiction _2lcgft _9151487 |
|
| 655 | 7 |
_aNovels _2lcgft _9153321 |
|
| 942 |
_2lcc _cBK |
||
| 999 |
_c200468089 _d86301 |
||